000 003240000a22001450004500
005 20120302064120.0
942 _cBOOK
100 _a Dhere,R.C.
245 _a Datta Sampradayacha Itihas
260 _aPune:Padmagandha prakashan,2005.
300 _a278p.
040 _aMar
365 _b200/-
650 _aDatta smpradaya
999 _c361325
_d361322